Library Banner

Popular culture : (Record no. 104216)

MARC details
000 -LEADER
fixed length control field 00517cam a22001938i 4500
001 - CONTROL NUMBER
control field 19655903
005 - DATE AND TIME OF LATEST TRANSACTION
control field 20180407112125.0
008 - FIXED-LENGTH DATA ELEMENTS--GENERAL INFORMATION
fixed length control field 170522s2017 nju b 001 0 eng
020 ## - INTERNATIONAL STANDARD BOOK NUMBER
International Standard Book Number 9781119140344 (pbk.)
040 ## - CATALOGING SOURCE
Transcribing agency PK-LaUMT
082 00 - DEWEY DECIMAL CLASSIFICATION NUMBER
Classification number 306
Edition number 23
Item number SZE-P
100 1# - MAIN ENTRY--PERSONAL NAME
Personal name Szeman, Imre
245 10 - TITLE STATEMENT
Title Popular culture :
Remainder of title a user's guide /
Statement of responsibility, etc Imre Szeman and Susie O'Brien
260 ## - PUBLICATION, DISTRIBUTION, ETC. (IMPRINT)
Place of publication, distribution, etc Hoboken :
Name of publisher, distributor, etc John Wiley,
Date of publication, distribution, etc 2017
300 ## - PHYSICAL DESCRIPTION
Extent 366 p.
650 #0 - SUBJECT ADDED ENTRY--TOPICAL TERM
Topical term or geographic name as entry element Popular culture.
700 1# - ADDED ENTRY--PERSONAL NAME
Personal name O'Brien, Susie,
942 ## - ADDED ENTRY ELEMENTS (KOHA)
Koha item type Books
Holdings
Withdrawn status Lost status Damaged status Home library Current library Date acquired Full call number Barcode Date last seen Price effective from Koha item type
      UMT Main Campus UMT Main Campus 2018-04-07 306 SZE-P 120564 2020-01-24 2018-04-07 Books